{"text_format":"3","workbook":"xlsx","n_sheets":1,"sheets":["t51"],"read":"whole","date_system":"1900"}

{"sheet":"t51","index":0,"n_rows":165,"n_cols":7,"rows_kept":165,"merged":[[0,0,0,6],[30,0,30,5],[42,0,42,5],[144,0,144,5]]}
["TABELA 51.1 - Estatísticas Agrícolas, Município de Avanhandava, Estado de São Paulo, 2007/08."]
["ITEM","UNIDADE","N.DE UPAs","MÍNIMO","MÉDIO","MÁXIMO","TOTAL"]
["Distância à sede do município","km",322,0.1,{"v":9.63,"d":"9.6"},{"v":30,"d":"30.0"},"-"]
["Área total","hectare",322,1.1,{"v":101.31,"d":"101.3"},{"v":1453,"d":"1,453.0"},{"v":32621.1,"d":"32,621.1"}]
["Área com cultura perene","hectare",34,0.3,{"v":7.72,"d":"7.7"},{"v":85,"d":"85.0"},262.6]
["Área com cultura temporária","hectare",240,0.5,{"v":100.17,"d":"100.2"},{"v":1389.4,"d":"1,389.4"},{"v":24041.1,"d":"24,041.1"}]
["Área com pastagem","hectare",197,0.3,{"v":24.64,"d":"24.6"},232.8,{"v":4854,"d":"4,854.0"}]
["Área com reflorestamento","hectare",43,0.1,13.1,{"v":170,"d":"170.0"},563.5]
["Área com vegetação natural","hectare",82,0.2,{"v":12.84,"d":"12.8"},174.9,{"v":1052.5,"d":"1,052.5"}]
["Área com vegetação de brejo e várzea","hectare",229,0.1,{"v":6.68,"d":"6.7"},64.2,{"v":1529.7,"d":"1,529.7"}]
["Área em descanso","hectare",6,0.9,{"v":7.57,"d":"7.6"},22.2,45.4]
["Área complementar","hectare",229,0.1,{"v":1.19,"d":"1.2"},9.7,272.3]
["Área das UPAs com (0, 1] ha","hectare","-","-","-","-","-"]
["Área das UPAs com (1, 2] ha","hectare",5,1.1,{"v":1.36,"d":"1.4"},1.8,6.8]
["Área das UPAs com (2, 5] ha","hectare",19,2.4,{"v":3.65,"d":"3.7"},4.8,69.4]
["Área das UPAs com (5, 10] ha","hectare",16,5.5,{"v":7.69,"d":"7.7"},9.7,123.1]
["Área das UPAs com (10, 20] ha","hectare",49,10.8,{"v":14.53,"d":"14.5"},19.9,{"v":712,"d":"712.0"}]
["Área das UPAs com (20, 50] ha","hectare",96,20.3,{"v":33.29,"d":"33.3"},49.5,{"v":3195.6,"d":"3,195.6"}]
["Área das UPAs com (50, 100] ha","hectare",66,50.8,{"v":69.89,"d":"69.9"},{"v":98,"d":"98.0"},{"v":4612.5,"d":"4,612.5"}]
["Área das UPAs com (100, 200] ha","hectare",29,104.1,{"v":146.72,"d":"146.7"},199.3,{"v":4255,"d":"4,255.0"}]
["Área das UPAs com (200, 500] ha","hectare",31,205.5,{"v":321.45,"d":"321.5"},469.7,{"v":9965.1,"d":"9,965.1"}]
["Área das UPAs com (500, 1.000] ha","hectare",7,533.6,676.5,874.6,{"v":4735.5,"d":"4,735.5"}]
["Área das UPAs com (1.000, 2.000] ha","hectare",4,{"v":1016.4,"d":"1,016.4"},{"v":1236.53,"d":"1,236.5"},{"v":1453,"d":"1,453.0"},{"v":4946.1,"d":"4,946.1"}]
["Área das UPAs com (2.000, 5.000] ha","hectare","-","-","-","-","-"]
["Área das UPAs com (5.000, 10.000] ha","hectare","-","-","-","-","-"]
["Área das UPAs acima de 10.000 ha","hectare","-","-","-","-","-"]
["Familiares do proprietário que trabalham na UPA","unidade",114,{"v":1,"d":"1.0"},{"v":1.47,"d":"1.5"},{"v":10,"d":"10.0"},{"v":168,"d":"168.0"}]
["Trabalhadores permanentes","unidade",104,{"v":1,"d":"1.0"},{"v":2.15,"d":"2.2"},{"v":40,"d":"40.0"},{"v":224,"d":"224.0"}]
["Fonte: Secretaria de Agricultura e Abastecimento, CDRS/IEA, Projeto LUPA."]
[]
["TABELA 51.2 - Explorações Animais, Município de Avanhandava, Estado de São Paulo, 2007/08."]
["ITEM","UNIDADE","N.DE UPAs","MÍNIMO","MÉDIO","MÁXIMO","TOTAL"]
["Avicultura de Corte","cabeças/ano",1,{"v":50,"d":"50.0"},{"v":50,"d":"50.0"},{"v":50,"d":"50.0"},{"v":50,"d":"50.0"}]
["Bovinocultura de Corte","cabeças",21,{"v":5,"d":"5.0"},{"v":103.95,"d":"104.0"},{"v":600,"d":"600.0"},{"v":2183,"d":"2,183.0"}]
["Bovinocultura Leiteira","cabeças",41,{"v":2,"d":"2.0"},{"v":35.61,"d":"35.6"},{"v":120,"d":"120.0"},{"v":1460,"d":"1,460.0"}]
["Bovinocultura Mista","cabeças",111,{"v":2,"d":"2.0"},{"v":43.57,"d":"43.6"},{"v":550,"d":"550.0"},{"v":4836,"d":"4,836.0"}]
["Caprinocultura","cabeças",2,{"v":4,"d":"4.0"},{"v":5,"d":"5.0"},{"v":6,"d":"6.0"},{"v":10,"d":"10.0"}]
["Equinocultura","cabeças",2,{"v":1,"d":"1.0"},2.5,{"v":4,"d":"4.0"},{"v":5,"d":"5.0"}]
["Ovinocultura","cabeças",22,{"v":2,"d":"2.0"},{"v":45.73,"d":"45.7"},{"v":430,"d":"430.0"},{"v":1006,"d":"1,006.0"}]
["Suinocultura","cabeças",6,{"v":10,"d":"10.0"},{"v":55.83,"d":"55.8"},{"v":150,"d":"150.0"},{"v":335,"d":"335.0"}]
["Fonte: Secretaria de Agricultura e Abastecimento, CDRS/IEA, Projeto LUPA."]
[]
["TABELA 51.3 -  Máquinas, Implementos e Benfeitorias, Município de Avanhandava, Estado de São Paulo, 2007/08."]
["ITEM","UNIDADE","N.DE UPAs","MÍNIMO","MÉDIO","MÁXIMO","TOTAL"]
["Arado Comum (Bacia, Aiveca)","Unidade",72,{"v":1,"d":"1.0"},{"v":1.46,"d":"1.5"},{"v":5,"d":"5.0"},{"v":105,"d":"105.0"}]
["Arado Escarificador","Unidade",16,{"v":1,"d":"1.0"},{"v":1.38,"d":"1.4"},{"v":5,"d":"5.0"},{"v":22,"d":"22.0"}]
["Arado Subsolador","Unidade",11,{"v":1,"d":"1.0"},{"v":1.09,"d":"1.1"},{"v":2,"d":"2.0"},{"v":12,"d":"12.0"}]
["Batedeira de Cereais","Unidade",3,{"v":1,"d":"1.0"},{"v":1,"d":"1.0"},{"v":1,"d":"1.0"},{"v":3,"d":"3.0"}]
["Carregadeira de Cana","Unidade",4,{"v":1,"d":"1.0"},{"v":1,"d":"1.0"},{"v":1,"d":"1.0"},{"v":4,"d":"4.0"}]
["Colhedeira Acoplada","Unidade",4,{"v":1,"d":"1.0"},{"v":1,"d":"1.0"},{"v":1,"d":"1.0"},{"v":4,"d":"4.0"}]
["Colhedeira Automotriz","Unidade",5,{"v":1,"d":"1.0"},{"v":1,"d":"1.0"},{"v":1,"d":"1.0"},{"v":5,"d":"5.0"}]
["Computador","Unidade",3,{"v":1,"d":"1.0"},{"v":1,"d":"1.0"},{"v":1,"d":"1.0"},{"v":3,"d":"3.0"}]
["Conj.Irrigação Convencional","Unidade",4,{"v":1,"d":"1.0"},{"v":1,"d":"1.0"},{"v":1,"d":"1.0"},{"v":4,"d":"4.0"}]
["Conj.Irrigação/Gotejamento/Microaspersão","Unidade",1,{"v":1,"d":"1.0"},{"v":1,"d":"1.0"},{"v":1,"d":"1.0"},{"v":1,"d":"1.0"}]
["Desintegrador de Palha (Plantio Direto)","Unidade",3,{"v":1,"d":"1.0"},{"v":1,"d":"1.0"},{"v":1,"d":"1.0"},{"v":3,"d":"3.0"}]
["Desintegrador, Picador, Triturador","Unidade",61,{"v":1,"d":"1.0"},{"v":1.18,"d":"1.2"},{"v":2,"d":"2.0"},{"v":72,"d":"72.0"}]
["Distribuidor de Calcário","Unidade",19,{"v":1,"d":"1.0"},{"v":1.05,"d":"1.1"},{"v":2,"d":"2.0"},{"v":20,"d":"20.0"}]
["Ensiladeira","Unidade",17,{"v":1,"d":"1.0"},{"v":1,"d":"1.0"},{"v":1,"d":"1.0"},{"v":17,"d":"17.0"}]
["Grade Aradora (Tipo Romi)","Unidade",53,{"v":1,"d":"1.0"},{"v":1.34,"d":"1.3"},{"v":5,"d":"5.0"},{"v":71,"d":"71.0"}]
["Grade Niveladora","Unidade",42,{"v":1,"d":"1.0"},{"v":1.17,"d":"1.2"},{"v":2,"d":"2.0"},{"v":49,"d":"49.0"}]
["Implementos para Tração Animal","Unidade",5,{"v":1,"d":"1.0"},{"v":1,"d":"1.0"},{"v":1,"d":"1.0"},{"v":5,"d":"5.0"}]
["Microtrator","Unidade",1,{"v":1,"d":"1.0"},{"v":1,"d":"1.0"},{"v":1,"d":"1.0"},{"v":1,"d":"1.0"}]
["Misturador de Ração","Unidade",1,{"v":1,"d":"1.0"},{"v":1,"d":"1.0"},{"v":1,"d":"1.0"},{"v":1,"d":"1.0"}]
["Ordenhadeira Mecânica","Unidade",10,{"v":1,"d":"1.0"},{"v":1,"d":"1.0"},{"v":1,"d":"1.0"},{"v":10,"d":"10.0"}]
["Pulverizador Tratorizado","Unidade",18,{"v":1,"d":"1.0"},{"v":1.06,"d":"1.1"},{"v":2,"d":"2.0"},{"v":19,"d":"19.0"}]
["Resfriador de Leite, Tanque Expansão","Unidade",12,{"v":1,"d":"1.0"},{"v":1,"d":"1.0"},{"v":1,"d":"1.0"},{"v":12,"d":"12.0"}]
["Semeadeira/Adubadeira para Plantio Convencional","Unidade",19,{"v":1,"d":"1.0"},{"v":1.11,"d":"1.1"},{"v":2,"d":"2.0"},{"v":21,"d":"21.0"}]
["Semeadeira/Plantadeira Plantio Direto","Unidade",10,{"v":1,"d":"1.0"},1.1,{"v":2,"d":"2.0"},{"v":11,"d":"11.0"}]
["Terraceador","Unidade",4,{"v":1,"d":"1.0"},{"v":1,"d":"1.0"},{"v":1,"d":"1.0"},{"v":4,"d":"4.0"}]
["Trator de Esteiras","Unidade",1,{"v":1,"d":"1.0"},{"v":1,"d":"1.0"},{"v":1,"d":"1.0"},{"v":1,"d":"1.0"}]
["Trator de Pneus","Unidade",87,{"v":1,"d":"1.0"},{"v":1.57,"d":"1.6"},{"v":5,"d":"5.0"},{"v":137,"d":"137.0"}]
["Açude/Represa","Unidade",39,{"v":1,"d":"1.0"},{"v":1.72,"d":"1.7"},{"v":7,"d":"7.0"},{"v":67,"d":"67.0"}]
["Almoxarifado/Oficina","Unidade",7,{"v":1,"d":"1.0"},{"v":1.14,"d":"1.1"},{"v":2,"d":"2.0"},{"v":8,"d":"8.0"}]
["Armazém para Grãos Ensacados","Sacas",5,{"v":1,"d":"1.0"},{"v":101,"d":"101.0"},{"v":500,"d":"500.0"},{"v":505,"d":"505.0"}]
["Balança para Bovinos","Unidade",8,{"v":1,"d":"1.0"},{"v":1,"d":"1.0"},{"v":1,"d":"1.0"},{"v":8,"d":"8.0"}]
["Barracão para Cultivo de Cogumelo","Unidade",2,{"v":1,"d":"1.0"},{"v":1,"d":"1.0"},{"v":1,"d":"1.0"},{"v":2,"d":"2.0"}]
["Barracão para Granja/Avicultura","Unidade",5,{"v":1,"d":"1.0"},1.6,{"v":2,"d":"2.0"},{"v":8,"d":"8.0"}]
["Barracão/Galpão/Garagem","Unidade",103,{"v":1,"d":"1.0"},1.4,{"v":6,"d":"6.0"},{"v":144,"d":"144.0"}]
["Casa de Moradia Habitada","Unidade",156,{"v":1,"d":"1.0"},{"v":1.35,"d":"1.4"},{"v":5,"d":"5.0"},{"v":210,"d":"210.0"}]
["Casa de Moradia Total","Unidade",95,{"v":1,"d":"1.0"},{"v":2.11,"d":"2.1"},{"v":9,"d":"9.0"},{"v":200,"d":"200.0"}]
["Curral/Mangueira","Unidade",151,{"v":1,"d":"1.0"},{"v":1.04,"d":"1.0"},{"v":3,"d":"3.0"},{"v":157,"d":"157.0"}]
["Depósito/Tulha","Unidade",68,{"v":1,"d":"1.0"},{"v":1.18,"d":"1.2"},{"v":2,"d":"2.0"},{"v":80,"d":"80.0"}]
["Estábulo","Unidade",4,{"v":1,"d":"1.0"},{"v":1.25,"d":"1.3"},{"v":2,"d":"2.0"},{"v":5,"d":"5.0"}]
["Estufa/Plasticultura","m²",4,{"v":1,"d":"1.0"},{"v":122.75,"d":"122.8"},{"v":200,"d":"200.0"},{"v":491,"d":"491.0"}]
["Fábrica de Ração","Unidade",2,{"v":1,"d":"1.0"},{"v":1,"d":"1.0"},{"v":1,"d":"1.0"},{"v":2,"d":"2.0"}]
["Instalações para Equinos","Unidade",4,{"v":1,"d":"1.0"},{"v":3.75,"d":"3.8"},{"v":8,"d":"8.0"},{"v":15,"d":"15.0"}]
["Máquina de Benefício","Unidade",1,{"v":1,"d":"1.0"},{"v":1,"d":"1.0"},{"v":1,"d":"1.0"},{"v":1,"d":"1.0"}]
["Pocilga","Unidade",13,{"v":1,"d":"1.0"},{"v":1.08,"d":"1.1"},{"v":2,"d":"2.0"},{"v":14,"d":"14.0"}]
["Poço Semi-Artesiano","Unidade",90,{"v":1,"d":"1.0"},{"v":1.11,"d":"1.1"},{"v":3,"d":"3.0"},{"v":100,"d":"100.0"}]
["Posto Meteorológico","Unidade",1,{"v":1,"d":"1.0"},{"v":1,"d":"1.0"},{"v":1,"d":"1.0"},{"v":1,"d":"1.0"}]
["Silo para Grãos","t",1,{"v":400,"d":"400.0"},{"v":400,"d":"400.0"},{"v":400,"d":"400.0"},{"v":400,"d":"400.0"}]
["Silo para Silagem","t",5,{"v":1,"d":"1.0"},81.6,{"v":300,"d":"300.0"},{"v":408,"d":"408.0"}]
["Terreiro","m²",37,{"v":2,"d":"2.0"},{"v":331.76,"d":"331.8"},{"v":999,"d":"999.0"},{"v":12275,"d":"12,275.0"}]
["Fonte: Secretaria de Agricultura e Abastecimento, CDRS/IEA, Projeto LUPA."]
[]
["TABELA 51.4 - Outras Estatísticas Agrícolas, Município de Avanhandava, Estado de São Paulo, 2007/08."]
["ITEM","Número de UPAs",null,"Percentual"]
["Faz Parte de Associação de Produtores",25,null,{"v":7.763975155279503,"d":"7.8"}]
["Faz Parte de Cooperativa de Produtores",161,null,{"v":50,"d":"50.0"}]
["Faz Parte do Sindicato de Produtores",43,null,{"v":13.354037267080745,"d":"13.4"}]
["Não utiliza assistência técnica ",190,null,{"v":59.006211180124225,"d":"59.0"}]
["Utiliza somente assistência técnica governamental ",8,null,{"v":2.484472049689441,"d":"2.5"}]
["Utiliza somente assistência técnica privada ",116,null,{"v":36.024844720496894,"d":"36.0"}]
["Utiliza assistência técnica tanto governamental quanto privada",8,null,{"v":2.4844720496894412,"d":"2.5"}]
["Utiliza Crédito Rural",55,null,{"v":17.080745341614907,"d":"17.1"}]
["Utiliza Seguro Rural",22,null,{"v":6.832298136645963,"d":"6.8"}]
["Utiliza Escrituração Agrícola",299,null,{"v":92.85714285714286,"d":"92.9"}]
["Acessa Internet p/ Fins na Agropecuária",69,null,{"v":21.42857142857143,"d":"21.4"}]
["Utiliza Computador nas Atividades Agropecuárias",58,null,{"v":18.012422360248447,"d":"18.0"}]
["Utiliza Energia Elétrica Para Uso na Atividade Agrícola",240,null,{"v":74.53416149068323,"d":"74.5"}]
["Realiza Análise de Solo, quando necessário",234,null,{"v":72.67080745341615,"d":"72.7"}]
["Utiliza Práticas de Conservação de Solo, quando necessário",257,null,{"v":79.81366459627328,"d":"79.8"}]
["Faz Adubação Mineral, quando necessário",244,null,{"v":75.77639751552795,"d":"75.8"}]
["Faz Adubação Orgânica, quando necessário",92,null,{"v":28.57142857142857,"d":"28.6"}]
["Faz Adubação Verde, quando necessário",3,null,{"v":0.9316770186335404,"d":"0.9"}]
["Utiliza Manejo Integrado de Pragas (MIP)",221,null,{"v":68.63354037267081,"d":"68.6"}]
["Utiliza Hidroponia",1,null,{"v":0.31055900621118016,"d":"0.3"}]
["Utiliza Plasticultura",4,null,{"v":1.2422360248447206,"d":"1.2"}]
["Utiliza Mudas Fiscalizadas",10,null,{"v":3.1055900621118013,"d":"3.1"}]
["Utiliza Semente Melhorada",21,null,{"v":6.521739130434783,"d":"6.5"}]
["Faz Confinamento de Bovinos",5,null,{"v":1.5527950310559007,"d":"1.6"}]
["Utiliza Pastejo Intensivo",80,null,{"v":24.84472049689441,"d":"24.8"}]
["Faz Inseminação Artificial",6,null,{"v":1.8633540372670807,"d":"1.9"}]
["Faz Mineralização do Rebanho",146,null,{"v":45.3416149068323,"d":"45.3"}]
["Faz Vermifugação do Rebanho",144,null,{"v":44.72049689440993,"d":"44.7"}]
["Possui Parceiros /Arrendatários na Exploração Animal",28,null,{"v":8.695652173913043,"d":"8.7"}]
["Esporte e lazer","-",null,"-"]
["Extração mineral","-",null,"-"]
["Hotel Fazenda, Pousada ou SPA","-",null,"-"]
["Pesque-pague","-",null,"-"]
["Restaurante ou Lanchonete","-",null,"-"]
["Transformação artesanal","-",null,"-"]
["Turismo rural ou ecoturismo","-",null,"-"]
["Outras atividades econômicas rurais","-",null,"-"]
["Agroindústria","-",null,"-"]
["Proprietário sem instrução ou com instrução incompleta",6,null,{"v":1.8633540372670807,"d":"1.9"}]
["Proprietário com antigo primário completo",100,null,{"v":31.055900621118013,"d":"31.1"}]
["Proprietário com 1° grau (ou antigo ginasial) completo",37,null,{"v":11.490683229813664,"d":"11.5"}]
["Proprietário com 2° grau (ou antigo colegial) completo",64,null,{"v":19.87577639751553,"d":"19.9"}]
["Proprietário com curso superior completo ",106,null,{"v":32.91925465838509,"d":"32.9"}]
["Pessoa Jurídica",9,null,{"v":2.7950310559006213,"d":"2.8"}]
["Proprietário residente na própria UPA ",45,null,{"v":13.975155279503104,"d":"14.0"}]
["Fonte: Secretaria de Agricultura e Abastecimento, CDRS/IEA, Projeto LUPA."]
[]
["TABELA 51.5 - Área Cultivada, Município de Avanhandava, Estado de São Paulo, 2007/08."]
["CULTURA","N.DE UPAs","MÍNIMO","MÉDIO","MÁXIMO","TOTAL"]
["Cana-de-acucar",235,0.5,{"v":101.21,"d":"101.2"},{"v":1389.4,"d":"1,389.4"},{"v":23784.9,"d":"23,784.9"}]
["Braquiaria",196,0.3,24.6,232.8,{"v":4822.4,"d":"4,822.4"}]
["Eucalipto",43,0.1,{"v":12.94,"d":"12.9"},{"v":170,"d":"170.0"},556.4]
["Milho",9,2.4,{"v":27.87,"d":"27.9"},72.6,250.8]
["Seringueira",9,{"v":2,"d":"2.0"},{"v":19.07,"d":"19.1"},{"v":85,"d":"85.0"},171.6]
["Cafe",26,0.3,{"v":3.05,"d":"3.1"},12.1,79.2]
["Coloniao",3,4.8,{"v":9.97,"d":"10.0"},{"v":13,"d":"13.0"},29.9]
["Outras florestais",1,{"v":7,"d":"7.0"},{"v":7,"d":"7.0"},{"v":7,"d":"7.0"},{"v":7,"d":"7.0"}]
["Jaca",1,{"v":5,"d":"5.0"},{"v":5,"d":"5.0"},{"v":5,"d":"5.0"},{"v":5,"d":"5.0"}]
["Palmito",1,4.8,4.8,4.8,4.8]
["Tamarindo",2,{"v":2,"d":"2.0"},2.2,2.4,4.4]
["Coco-da-baia",1,2.4,2.4,2.4,2.4]
["Pupunha",1,2.4,2.4,2.4,2.4]
["Capim-napier (ou capim-elefante)",2,0.5,{"v":0.85,"d":"0.9"},1.2,1.7]
["Sorgo",1,1.2,1.2,1.2,1.2]
["Alface",1,{"v":1,"d":"1.0"},{"v":1,"d":"1.0"},{"v":1,"d":"1.0"},{"v":1,"d":"1.0"}]
["Mamao",1,0.8,0.8,0.8,0.8]
["Pinus",1,0.1,0.1,0.1,0.1]
["Fonte: Secretaria de Agricultura e Abastecimento, CDRS/IEA, Projeto LUPA."]